Computer Science A primer / (Record no. 176400)
[ view plain ]
| 000 -LEADER | |
|---|---|
| fixed length control field | 00760 a2200193 4500 |
| 003 - CONTROL NUMBER IDENTIFIER | |
| control field | Nust |
| 005 - DATE AND TIME OF LATEST TRANSACTION | |
| control field | 20230522111113.0 |
| 010 ## - LIBRARY OF CONGRESS CONTROL NUMBER | |
| LC control number | 7476053 |
| 020 ## - INTERNATIONAL STANDARD BOOK NUMBER | |
| International Standard Book Number | 471266809 |
| 040 ## - CATALOGING SOURCE | |
| Transcribing agency | Nust |
| 082 ## - DEWEY DECIMAL CLASSIFICATION NUMBER | |
| Classification number | 004,FOR |
| 100 ## - MAIN ENTRY--PERSONAL NAME | |
| Personal name | Keenan, Forsythe |
| 9 (RLIN) | 112486 |
| 245 ## - TITLE STATEMENT | |
| Title | Computer Science A primer / |
| Statement of responsibility, etc. | Forsythe, Keenan, Organick,Stenberg |
| 260 ## - PUBLICATION, DISTRIBUTION, ETC. | |
| Place of publication, distribution, etc. | NY |
| Name of publisher, distributor, etc. | Wiley |
| Date of publication, distribution, etc. | 1969 |
| 300 ## - PHYSICAL DESCRIPTION | |
| Extent | xvii,403 |
| 505 ## - FORMATTED CONTENTS NOTE | |
| Formatted contents note | Algorithms and Computers (Page-2), The Flow Chart Language (Page-44), Additional Flow Chart Concepts (Page-84), Looping (Page-136), Approximations (Page-202), Functions And Procedures (Page-234), Some Mathematical Applications (Page-280), More Mathematical Applications (Page-332), SAMOS (Page-370). |
| 600 ## - SUBJECT ADDED ENTRY--PERSONAL NAME | |
| Title of a work | Computer Science |
| 9 (RLIN) | 81550 |
| 942 ## - ADDED ENTRY ELEMENTS (KOHA) | |
| Source of classification or shelving scheme | |
| Koha item type | Book Bank |
| Withdrawn status | Lost status | Source of classification or shelving scheme | Damaged status | Not for loan | Permanent Location | Current Location | Shelving location | Date acquired | Full call number | Barcode | Date last seen | Price effective from | Koha item type | Public note |
|---|---|---|---|---|---|---|---|---|---|---|---|---|---|---|
| Military College of Signals (MCS) | Military College of Signals (MCS) | General Stacks | 12/12/2016 | 004,FOR | MCS223 | 12/08/2016 | 12/12/2016 | Book | Almirah No.79, Shelf No.2 |
